|
|
|
|
| LEADER |
00000nam a22000007a 4500 |
| 005 |
20200521151713.0 |
| 007 |
cr|||| ||| |
| 008 |
200521s2020 es |||||s|||| 00||0 spa d |
| 020 |
|
|
|a 978-84-1324-605-5
|
| 035 |
|
|
|a 31386
|
| 040 |
|
|
|a vLex
|
| 090 |
|
|
|c 10361
|d 10361
|
| 245 |
0 |
0 |
|a Derecho del trabajo y proteccin̤ social en la Unin̤ Europea
|h [Recurso electrn̤ico] :
|b situacin̤ actual y perspectivas de futuro
|
| 256 |
|
|
|a Servicio en ln̕ea
|
| 260 |
|
|
|a Madrid:
|b Dykinson,
|c 2020
|
| 300 |
|
|
|a 1 recurso electrn̤ico
|
| 506 |
1 |
|
|a Disponible solo en los productos indicados
|d vLex Global
|d vLex Global (Academic Edition, excluding Law Schools)
|d vLex Global (U.S. Academic Edition, Law Schools)
|d vLex Global (U.S. Academic Edition, excluding Law Schools)
|d vLex Global (Academic Edition, Law Schools)
|
| 650 |
0 |
4 |
|a Derecho Laboral y Seguridad Social
|z Espaą
|
| 650 |
0 |
4 |
|a Derecho Comunitario
|z Espaą
|
| 740 |
0 |
|
|a vLex Libros (Servicio en ln̕ea)
|
| 856 |
4 |
0 |
|u http://vlex.com/source/derecho-trabajo-proteccion-social-union-europea-situacion-actual-perspectivas-futuro-31386
|z Acceso restringido
|
| 942 |
|
|
|c BOOK
|
| 999 |
0 |
|
|a Labor Law and Social Security
|
| 999 |
0 |
|
|a Community Law
|